Nároky z pracovnoprávnych vzťahov

Predpoklady a čas plnenia nárokov. Uspokojenie nárokov môže byť aj v splátkach. Následky omeškania uspokojenia účastníka druhým. Spôsoby zabezpečenia nárokov. Zánik nárokov a potvrdenie o uspokojení nároku.

Na minha lista:
Detalhes bibliográficos
Autor principal: Jendrálová, Anna
Formato: Capítulo de Livro
Idioma:eslovaco
Assuntos:
Tags: Adicionar Tag
Sem tags, seja o primeiro a adicionar uma tag!

MARC

LEADER 00000naa a2200000 4500
001 r042483
005 20230801100332.0
041 0 |a slo 
044 |a SK 
245 1 0 |a Nároky z pracovnoprávnych vzťahov  |c Anna Jendrálová 
520 |a Predpoklady a čas plnenia nárokov. Uspokojenie nárokov môže byť aj v splátkach. Následky omeškania uspokojenia účastníka druhým. Spôsoby zabezpečenia nárokov. Zánik nárokov a potvrdenie o uspokojení nároku. 
610 2 0 |a vzťahy pracovnoprávne 
610 2 0 |a zamestnávatelia 
610 2 0 |a zamestnanci 
610 2 0 |a práva pracovníkov 
610 2 0 |a dohody pracovné 
100 1 |a Jendrálová, Anna